( Viejos) Asedios a la cuestión del Estado-Nación capitalista
Wedi'i Gadw mewn:
| Prif Awdur: | |
|---|---|
| Fformat: | Texto |
| Cyhoeddwyd: |
México, D.F.:
UNAM
|
| Tagiau: |
Ychwanegu Tag
Dim Tagiau, Byddwch y cyntaf i dagio'r cofnod hwn!
|
MARC
| LEADER | 00000 a a2200000 04500 | ||
|---|---|---|---|
| 001 | 22331 | ||
| 003 | |||
| 040 | |||
| 090 | |a 152000 | ||
| 100 | |a Arias Marín, Alán | ||
| 245 | |a ( Viejos) Asedios a la cuestión del Estado-Nación capitalista | ||
| 260 | |a México, D.F.: |b UNAM | ||
| 300 | |a p. irreg. | ||
| 999 | |c 12338 |d 12338 | ||
